Los hogares fríos (Record no. 164599)

MARC details
000 -LEADER
campo de control de longitud fija 00996nam a22002415i 4500
001 - NÚMERO DE CONTROL
campo de control 164599
003 - IDENTIFICADOR DE NÚMERO DE CONTROL
campo de control ES-MaACL
005 - FECHA Y HORA DE LA ÚLTIMA TRANSACCIÓN
campo de control 20230906212952.0
008 - DATOS DE LONGITUD FIJA--INFORMACIÓN GENERAL
campo de control de longitud fija 940615s1890 sp |||| | spa d
040 ## - FUENTE DE CATALOGACIÓN
Centro catalogador/agencia de origen AS
Lengua de catalogación spa
100 1# - ENTRADA PRINCIPAL--NOMBRE DE PERSONA
Nombre de persona Sánchez Pérez, Antonio.
9 (RLIN) 102840
245 14 - MENCIÓN DEL TÍTULO
Título Los hogares fríos
Resto del título : novela española contemporánea /
Mención de responsabilidad, etc. original de Antonio Sánchez Pérez ; ilustrada con profusión de magníficos grabados.
260 ## - PUBLICACIÓN, DISTRIBUCIÓN, ETC.
Lugar de publicación, distribución, etc. Barcelona :
Nombre del editor, distribuidor, etc. Establecimiento Tipográfico Editorial de Ramón Molinas,
Fecha de publicación, distribución, etc. [s.a.]
300 ## - DESCRIPCIÓN FÍSICA
Extensión 419 p. :
Otras características físicas il. ;
Dimensiones 25 cm.
490 1# - MENCIÓN DE SERIE
Mención de serie Biblioteca de "La ilustración ibérica"
596 ## - NOTA AL PIE DE IMPRENTA
NOTA AL PIE DE IMPRENTA Palau, t. XIX, p. 333, lo fecha de manera aproximada en 1890.
596 ## - NOTA AL PIE DE IMPRENTA
NOTA AL PIE DE IMPRENTA Según CCPB siglo XIX, Ramón Molinas edita entre 1884 y 1890.
700 1# - ENTRADA AGREGADA--NOMBRE PERSONAL
Nombre de persona Molinas, Ramón.
9 (RLIN) 130031
752 ## - ENTRADA AGREGADA--NOMBRE JERÁRQUICO DEL LUGAR
País o entidad superior España -
Ciudad , Barcelona
830 0# - PUNTO DE ACCESO ADICIONAL DE SERIE-TÍTULO UNIFORME
Título uniforme Biblioteca de "La ilustración ibérica"
9 (RLIN) 187640
852 ## - LOCALIZACIÓN
Ubicación ES-MaACL
Número de control de estantería G-14987
Nota libre -- Enc. tela grab.
Holdings
Estatus retirado Estado de pérdida Estado de daño No para préstamo Biblioteca de origen Biblioteca actual Ubicación en estantería Fecha de adquisición Fuente de adquisición Total de préstamos Signatura topográfica completa Código de barras Visto por última vez Precio de reemplazo Tipo de ítem Koha
        Biblioteca del Ateneo de Madrid Biblioteca del Ateneo de Madrid Sala Pecera Planta 3 17/01/2008     G-14987 1172543 23/02/2023 23/02/2023 Libro impreso